00688nam a2200229Ia 4500003000900000008004100009040001300050040001300063041000800076100001500084100001200099245005900111250001100170260000800181260000900189300001000198490001800208490000700226942000700233999001700240952020100257IT-RoPAU120407s9999 xx 000 0 und d aIT-RoPAU cIT-RoPAU aita aAugustinus csanctus aLettere scelte. Versione e note di Rinaldi e Carrozzi. aTorino aSei c1939 c21 cm aCorona Patrum v22 cBK c18462d18462 00102ddc406276_800000000000000_5971aPAULUSbPAULUSd2012-04-11l0o276/8.59r2012-04-11 00:00:00w2012-04-11yBKzInserito da: Mario In data: 14 luglio 2011 fondo: Via A.Severo 56 Progr:24439